000 00513nam a2200193Ia 4500
005 20250423095758.0
008 250422s9999 xx 000 0 und d
020 _a9788174730695
050 _aJX 1308 .P3/
100 _aPalmer, Norman Dunbar
245 0 _aInternational relations: the world community in transition
250 _a3rd ed.
260 _aIndia
260 _bA.I.T.B.S. Publishers
260 _c2010
300 _a818 p
650 _aInternational relations. World politics.
942 _cBK
999 _c31309
_d31309